00566nam a2200193 a 450000100060000000300080000600500170001400800410003103500190007204000280009104100080011908200250012710000300015224500670018226000570024930000240030650000180033065000240034858068BD-RjUL20211209080601.0161215s1956 enk b 001 0 eng d a(BD-RjUL)58192 aWASKCbengcBD-RjULdNU aeng0 a325.21223bSTR 19561 aStoessinger, John George.14aThe refugee and the world community /cJohn George Stoessinger aMinneapolis :bUniversity of Minnesota Press,cc1956 av, 239 p. ;c24 cm. aInclude index 0aPolitical refugees.